[Event "SR 2. liga A 2007/2008"]
[Site "?"]
[Date "2007.10.06"]
[Round "1.6"]
[White "Krajnak, Robert"]
[Black "Nagy, Tomas"]
[Result "0-1"]
[WhiteElo "2118"]
[BlackElo "2183"]
[PlyCount "76"]
[EventDate "2007.??.??"]

{B07: Pirc Defence: Miscellaneous Systems} 1. c4 c5 2. Nf3 Nf6 3. d4 cxd4 4.
Nxd4 g6 5. Nc3 Bg7 6. e4 d6 7. Bg5 O-O 8. Qd2 Nc6 9. Nc2 Be6 10. Bd3 Ne5 11. b3
Nxd3+ 12. Qxd3 Rc8 13. O-O a6 14. Nd4 Qa5 15. Nd5 Bxd5 16. exd5 Nxd5 17. cxd5
Qxd5 18. Bxe7 Rfe8 19. Qh3 Bxd4 20. Rad1 Bxf2+ 21. Kh1 Qe6 22. Qxe6 fxe6 23.
Bxd6 Rc2 24. Be5 Re2 25. Ba1 e5 26. Rd7 b5 27. a4 bxa4 28. bxa4 Re6 29. g4 Re1
30. Kg2 Rxf1 31. Kxf1 Bh4 32. Ke2 Bg5 33. h3 Bf4 34. Kf3 Rb6 35. Rd8+ Kf7 36.
Rd7+ Ke6 37. Rxh7 Rb3+ 38. Ke2 Ra3 0-1

[Event "SR 2. liga A 2007/2008"]
[Site "?"]
[Date "2007.10.06"]
[Round "1.6"]
[White "Labar, Eduard"]
[Black "Goga, Frantisek"]
[Result "1/2-1/2"]
[WhiteElo "2041"]
[BlackElo "1986"]
[PlyCount "24"]
[EventDate "2007.??.??"]

1. d4 Nf6 2. Nf3 g6 3. Bf4 d6 4. h3 Bg7 5. Nbd2 O-O 6. e4 Re8 7. Bc4 Nh5 8. Bh2
e5 9. dxe5 dxe5 10. O-O Be6 11. c3 Nd7 12. Qb3 Nb6 1/2-1/2

[Event "SR 2. liga A 2007/2008"]
[Site "?"]
[Date "2007.10.06"]
[Round "1.6"]
[White "Peitl, Tomas"]
[Black "Peska, Juraj"]
[Result "1-0"]
[WhiteElo "2031"]
[BlackElo "1966"]
[PlyCount "53"]
[EventDate "2007.??.??"]

1. e4 e5 2. Nf3 d6 3. d4 exd4 4. Nxd4 Nf6 5. Nc3 Be7 6. Bc4 O-O 7. O-O Bd7 8.
f4 Nc6 9. Nf3 Bg4 10. b3 a6 11. a4 Nd7 12. Nd5 Bf6 13. Rb1 Nc5 14. Bd3 Re8 15.
Re1 Ne6 16. h3 Bxf3 17. Qxf3 Ned4 18. Qg4 g6 19. Nxf6+ Qxf6 20. Bb2 Qe7 21.
Rbd1 Ne6 22. Bc4 Na5 23. Bd5 c6 24. Bxe6 fxe6 25. f5 exf5 26. exf5 Qd7 27. Qd4
1-0

[Event "SR 2. liga A 2007/2008"]
[Site "?"]
[Date "2007.10.06"]
[Round "1.6"]
[White "Zacik, Anton"]
[Black "Pericka, Tomas"]
[Result "1/2-1/2"]
[WhiteElo "2088"]
[BlackElo "1893"]
[PlyCount "30"]
[EventDate "2007.??.??"]

1. e4 c5 2. Nf3 Nc6 3. d4 cxd4 4. Nxd4 g6 5. c4 Bg7 6. Be3 Nf6 7. Nc3 Ng4 8.
Nxc6 Nxe3 9. Nxd8 Nxd1 10. Nxd1 Kxd8 11. Be2 d6 12. O-O b6 13. Rc1 Bb7 14. Bf3
Rc8 15. b3 Bd4 1/2-1/2

[Event "SR 2. liga A 2007/2008"]
[Site "?"]
[Date "2007.10.06"]
[Round "1.7"]
[White "Blazkova, Barbora"]
[Black "Srna, Jan"]
[Result "0-1"]
[WhiteElo "1942"]
[BlackElo "2017"]
[PlyCount "58"]
[EventDate "2007.??.??"]

1. d4 e6 2. c4 f5 3. Nc3 Nf6 4. Nf3 d5 5. e3 c6 6. a3 Bd6 7. c5 Bc7 8. b4 Ne4
9. Bb2 Nd7 10. Be2 O-O 11. O-O Rf6 12. Nxe4 fxe4 13. Ne5 Rh6 14. g3 Qg5 15. Ng4
Rg6 16. h4 Qe7 17. h5 Rg5 18. h6 gxh6 19. Nxh6+ Kg7 20. Ng4 Nf6 21. Kg2 Bd7 22.
Ne5 Rg8 23. Rh1 Kf8 24. Rh4 Qg7 25. Kf1 Bxe5 26. dxe5 Rxg3 27. fxg3 Qxg3 28.
Bh5 Qg1+ 29. Ke2 Rg2# 0-1

[Event "SR 2. liga A 2007/2008"]
[Site "?"]
[Date "2007.10.06"]
[Round "1.7"]
[White "Nagy, Attilla"]
[Black "Novak, Stanislav"]
[Result "1-0"]
[WhiteElo "2184"]
[BlackElo "1999"]
[PlyCount "39"]
[EventDate "2007.??.??"]

{B07: Pirc Defence: Miscellaneous Systems} 1. e4 d6 2. d4 Nf6 3. Nc3 g6 4. f3
Bg7 5. Be3 O-O 6. Qd2 b6 7. O-O-O Ba6 8. Nge2 Qc8 9. h4 c5 10. g4 cxd4 11. Nxd4
Bxf1 12. Rdxf1 Nc6 13. Nxc6 Qxc6 14. h5 b5 15. Bh6 Rfe8 16. Bxg7 Kxg7 17. Nd5
Nxd5 18. exd5 Qc4 19. hxg6 Rh8 20. Qh6+ 1-0

[Event "SR 2. liga A 2007/2008"]
[Site "?"]
[Date "2007.10.06"]
[Round "1.7"]
[White "Nepras, Martin"]
[Black "Hoferek, Peter"]
[Result "1/2-1/2"]
[WhiteElo "1984"]
[BlackElo "1887"]
[PlyCount "64"]
[EventDate "2007.??.??"]

1. d4 Nf6 2. c4 e6 3. Nc3 d5 4. Nf3 Be7 5. Bf4 c6 6. e3 O-O 7. Be2 Nbd7 8. O-O
Re8 9. Rc1 Nh5 10. Be5 f5 11. cxd5 exd5 12. Nxd5 Nxe5 13. Nxe7+ Qxe7 14. Nxe5
Nf6 15. Bc4+ Be6 16. Qc2 Rad8 17. Qxf5 Bxc4 18. Rxc4 Rf8 19. Qc2 Nd5 20. Rc5
Qh4 21. g3 $6 Qh3 22. e4 $4 Qxf1+ $1 23. Kxf1 Ne3+ 24. Ke2 Nxc2 25. Rxc2 Rxd4
26. Ke3 Rfd8 27. Rc3 Rb4 28. b3 Rbd4 29. Rc2 Kf8 30. f4 Rd1 31. Re2 Ke7 32. g4
Ke6 1/2-1/2

[Event "SR 2. liga A 2007/2008"]
[Site "?"]
[Date "2007.10.06"]
[Round "1.7"]
[White "Slamena, Michal"]
[Black "Csiba, Peter"]
[Result "1-0"]
[WhiteElo "1944"]
[BlackElo "1987"]
[PlyCount "121"]
[EventDate "2007.??.??"]

1. e4 e5 2. Nf3 Nc6 3. Bb5 a6 4. Ba4 Nf6 5. O-O Be7 6. d4 exd4 7. e5 Ne4 8.
Nxd4 Nc5 9. Bxc6 dxc6 10. Nc3 Ne6 11. Be3 Nxd4 12. Bxd4 Be6 13. f4 c5 14. Be3
Qxd1 15. Raxd1 Rd8 16. Rxd8+ Kxd8 17. f5 Bd7 18. Ne4 b6 19. g4 Re8 20. Ng5 Bxg5
21. Bxg5+ Kc8 22. Re1 c4 23. Kf2 Kb7 24. c3 a5 25. Kg3 a4 26. a3 Bc8 27. Kf4
Kc6 28. Rd1 b5 29. h4 h6 30. Bd8 Bd7 31. g5 h5 32. g6 fxg6 33. e6 Bc8 34. Kg5
gxf5 35. e7 Bd7 36. Kxh5 Rh8+ 37. Kg5 g6 38. Rd4 Be8 39. Kf6 Rh7 40. Kg5 Rh5+
41. Kf6 Rh7 42. Rd2 Rxh4 43. Re2 Re4 44. Rh2 f4 45. Kg5 f3 46. Rf2 Re2 47. Rxf3
Rxb2 48. Kf6 Rd2 49. Kg7 Kd7 50. Kf8 Rd3 51. Rf4 g5 52. Rf5 g4 53. Bxc7 Rf3 54.
Bf4 Bg6 55. Rd5+ Kc8 56. Kg7 Be8 57. Rd8+ Kb7 58. Rxe8 Rxf4 59. Rb8+ Kxb8 60.
e8=Q+ Kb7 61. Qd7+ 1-0

[Event "SR 2. liga A 2007/2008"]
[Site "?"]
[Date "2007.10.06"]
[Round "1.8"]
[White "Hajtmanek, Stanislav"]
[Black "Cajka, Tibor"]
[Result "0-1"]
[WhiteElo "1775"]
[BlackElo "1830"]
[PlyCount "118"]
[EventDate "2007.??.??"]

1. d4 Nf6 2. c4 g6 3. Nc3 d5 4. Nf3 Bg7 5. Bf4 c6 6. e3 Bg4 7. h3 Bxf3 8. Qxf3
O-O 9. Bd3 e6 10. O-O Nbd7 11. Rac1 Re8 12. cxd5 exd5 13. Rfd1 Nf8 14. b4 Ne6
15. Be5 Ng5 16. Qe2 a6 17. f4 Nge4 18. Na4 Ng3 19. Qf3 Nfe4 20. Bxg7 Kxg7 21.
Nc5 Qe7 22. Bxe4 Nxe4 23. Nd3 f6 24. h4 Nd6 25. Kf2 Nf5 26. Re1 Nxh4 27. Qh3
Nf5 28. g4 Nd6 29. Rh1 Rh8 30. Qh6+ Kg8 31. Rb1 Re8 32. Rh3 Nc4 33. Rbh1 Qg7
34. Qh4 Qe7 35. Qh6 Qg7 36. Qh4 Nd6 37. g5 Ne4+ 38. Ke1 fxg5 39. fxg5 Qe7 40.
Rg1 a5 41. a3 axb4 42. axb4 Ra8 43. Qg4 Ra1+ 44. Ke2 Rxg1 45. Qxg1 Qxg5 46. Qh2
Qe7 47. Qf4 Ng5 48. Rg3 Nf7 49. Nc5 Kg7 50. e4 dxe4 51. Nxe4 Ra8 52. Re3 Re8
53. Nc5 Qxe3+ 54. Qxe3 Rxe3+ 55. Kxe3 Nd6 56. Kf4 Kf6 57. Nd7+ Ke7 58. Ne5 Ke6
59. Kg5 Nf7+ 0-1

[Event "SR 2. liga A 2007/2008"]
[Site "?"]
[Date "2007.10.06"]
[Round "1.8"]
[White "Henc, Marian"]
[Black "Janko, Michal"]
[Result "1/2-1/2"]
[WhiteElo "1958"]
[BlackElo "2143"]
[PlyCount "150"]
[EventDate "2007.??.??"]

{B07: Pirc Defence: Miscellaneous Systems} 1. Nf3 c5 2. c4 Nf6 3. Nc3 b6 4. d4
cxd4 5. Nxd4 Bb7 6. Bf4 d6 7. Nf3 g6 8. g3 Bg7 9. Bg2 O-O 10. Rc1 Nbd7 11. O-O
a6 12. b3 Ra7 13. Qd2 Nc5 14. Bh6 Bc6 15. Bxg7 Kxg7 16. Rcd1 Rd7 17. Bh3 e6 18.
b4 Bxf3 19. exf3 Nb7 20. Qe3 Qc7 21. Rd4 Rdd8 22. Rh4 h5 23. Ne2 d5 24. Nf4 d4
25. Qd2 e5 26. Nxh5+ Nxh5 27. Rxh5 Rh8 28. Rxh8 Rxh8 29. Bg2 Nd6 30. Rc1 Nxc4
31. Qc2 b5 32. Bf1 Rc8 33. Qd3 Qd6 34. a3 Re8 35. Re1 f5 36. h4 Qd5 37. Bg2 Kf6
38. g4 f4 39. h5 Rg8 40. hxg6 Nd6 41. a4 Qc4 42. Qb1 bxa4 43. g5+ Kxg5 44.
Rxe5+ Kh6 45. Bh3 Qb3 46. Qc1 Qxf3 47. Bg2 Rxg6 48. Qf1 Nc4 49. Re6 Qc3 50.
Rxg6+ Kxg6 51. Bd5 d3 52. Be4+ Kf6 53. Bxd3 Ne5 54. Bxa6 Qxb4 55. Qd1 f3 56.
Qd8+ Kf5 57. Bc8+ Kg6 58. Qg8+ Kf6 59. Qh8+ Kf7 60. Qxe5 Qb1+ 61. Kh2 Qb3 62.
Bg4 a3 63. Qf5+ Kg7 64. Bxf3 a2 65. Qg5+ Kf8 66. Bd5 Qxd5 67. Qxd5 a1=Q 68.
Qf5+ Kg7 69. Kg3 Qc3+ 70. Kg4 Qd4+ 71. Kh5 Qd6 72. Qg5+ Kh7 73. f4 Qe6 74. Kh4
Qh6+ 75. Kg4 Qxg5+ 1/2-1/2

[Event "SR 2. liga A 2007/2008"]
[Site "?"]
[Date "2007.10.06"]
[Round "1.8"]
[White "Kolesar, Rastislav"]
[Black "Kollarik, Gorazd"]
[Result "1/2-1/2"]
[WhiteElo "1922"]
[BlackElo "1972"]
[PlyCount "60"]
[EventDate "2007.??.??"]

1. e4 d5 2. exd5 Qxd5 3. Nc3 Qa5 4. d4 c6 5. Bd2 Bf5 6. Nf3 e6 7. Bc4 Nf6 8.
Nh4 Bg6 9. Nxg6 hxg6 10. Qe2 Qc7 11. O-O-O Be7 12. Ne4 Nxe4 13. Qxe4 Qd6 14.
Bf4 Qd7 15. Rhe1 Na6 16. Qe5 O-O 17. Bxa6 bxa6 18. Qc7 Qxc7 19. Bxc7 Rac8 20.
Bf4 Rfd8 21. Re3 Rd7 22. Red3 Rcd8 23. R3d2 Bf6 24. c3 Kf8 25. Kc2 Be7 26. Rd3
Bf6 27. Be5 Ke7 28. Bf4 g5 29. Be5 Rh8 30. h3 Rhd8 1/2-1/2

[Event "SR 2. liga A 2007/2008"]
[Site "?"]
[Date "2007.10.06"]
[Round "1.8"]
[White "Pisar, Juraj"]
[Black "Halasz, Michal"]
[Result "1-0"]
[WhiteElo "1655"]
[BlackElo "1862"]
[PlyCount "55"]
[EventDate "2007.??.??"]

1. e4 e6 2. d4 d5 3. e5 c5 4. c3 Nc6 5. Nf3 Qb6 6. b3 cxd4 7. cxd4 Nge7 8. Bb2
Nf5 9. Be2 Bb4+ 10. Kf1 Be7 11. h4 h5 12. Ng5 Ncxd4 13. g3 Nxe2 14. Qxe2 Bd7
15. Kg2 Rc8 16. Rd1 Bc5 17. Nc3 g6 18. Rac1 O-O 19. Nce4 Bb5 20. Nf6+ Kg7 21.
Qc2 Qd8 22. Qd2 Qe7 23. Nh3 Ba3 24. Bxa3 Qxa3 25. Nf4 Rxc1 26. Rxc1 Qe7 27.
N4xh5+ gxh5 28. Qg5+ 1-0

[Event "SR 2. liga A 2007/2008"]
[Site "?"]
[Date "2007.10.07"]
[Round "2"]
[White "Chovanec, Vladimir"]
[Black "Slovik, Vojtech"]
[Result "1-0"]
[WhiteElo "2106"]
[BlackElo "2037"]
[PlyCount "125"]
[EventDate "2007.??.??"]

1. Nf3 d5 2. b3 Bg4 3. Bb2 Bxf3 4. exf3 e6 5. d4 Nf6 6. Bd3 Nh5 7. g3 Bd6 8. f4
g6 9. Nd2 Nd7 10. Qe2 Ng7 11. c4 c6 12. a3 Qe7 13. Nf3 a6 14. Qc2 O-O 15. O-O
Rfc8 16. Rfe1 Qd8 17. Qe2 b5 18. c5 Bf8 19. Bc3 Nh5 20. Ng5 Ng7 21. Ra2 Be7 22.
Nf3 Bf6 23. Qd2 a5 24. Kg2 Ra7 25. g4 Qc7 26. Ne5 Qd8 27. Qc2 Nxe5 28. dxe5 Be7
29. Bd4 Rca8 30. Qb2 Bf8 31. f3 Be7 32. Raa1 Qf8 33. Rac1 b4 34. a4 Rc8 35. Rh1
Qd8 36. Rc2 Kf8 37. Kf1 Ke8 38. Re2 Kd7 39. Kg2 h5 40. h3 Kc7 41. Qc2 Qd7 42.
Kf1 Raa8 43. Ke1 Rh8 44. f5 gxf5 45. gxf5 Bh4+ 46. Kd1 Rhf8 47. Rg1 Nxf5 48.
Bxf5 exf5 49. Rg7 Qe6 50. Qd2 Rg8 51. Reg2 Rxg7 52. Rxg7 Rh8 53. Qf4 Be7 54.
Rxf7 Rf8 55. Rh7 Kd8 56. Qh6 Qg8 57. Rg7 Qh8 58. Qg6 Re8 59. Ke2 Qf8 60. Kf1
Bxc5 61. Rf7 Qh8 62. Qxf5 Be7 63. Bb6# 1-0

[Event "SR 2. liga A 2007/2008"]
[Site "?"]
[Date "2007.10.07"]
[Round "2"]
[White "Czucz, Andrej"]
[Black "Grich, Juraj"]
[Result "0-1"]
[WhiteElo "1916"]
[BlackElo "1928"]
[PlyCount "68"]
[EventDate "2007.??.??"]

1. c4 Nf6 2. Nc3 e5 3. g3 Nc6 4. Bg2 Bb4 5. Nd5 Nxd5 6. Bxd5 O-O 7. a3 Be7 8.
b4 Kh8 9. d3 f5 10. f4 Bf6 11. Rb1 d6 12. Bxc6 bxc6 13. fxe5 dxe5 14. e3 f4 15.
e4 a5 16. Nf3 Bh3 17. Rg1 Qe7 18. c5 axb4 19. axb4 Rfb8 20. Qb3 g5 21. gxf4 Be6
22. Qd1 g4 23. Ng5 exf4 24. Nxe6 Bc3+ 25. Bd2 Qh4+ 26. Kf1 Qh3+ 27. Ke1 Qe3+
28. Kf1 Qxd3+ 29. Ke1 Bxd2+ 30. Qxd2 Qxb1+ 31. Kf2 Ra2 32. Rxb1 Rxd2+ 33. Kg1
f3 34. Rf1 Rxb4 0-1

[Event "SR 2. liga A 2007/2008"]
[Site "?"]
[Date "2007.10.07"]
[Round "2"]
[White "Hrdlicka, Ondrej"]
[Black "Kovac, Andrej"]
[Result "1/2-1/2"]
[WhiteElo "2017"]
[BlackElo "1904"]
[PlyCount "55"]
[EventDate "2007.??.??"]

1. e4 e5 2. Nf3 Nc6 3. Bb5 f5 4. d3 d6 5. O-O Nf6 6. Nc3 Be7 7. Re1 fxe4 8.
dxe4 Bg4 9. h3 Bh5 10. Nd5 O-O 11. Bc4 Kh8 12. Nxe7 Qxe7 13. c3 h6 14. b4 Nh7
15. Be2 Qf6 16. Be3 Bxf3 17. Bxf3 Ng5 18. Bxg5 Qxg5 19. Re3 Rf6 20. Bg4 Raf8
21. Rf3 Rxf3 22. Bxf3 Ne7 23. Bg4 Ng6 24. Qc1 Qf6 25. Qe3 Nf4 26. g3 Ne6 27.
Bxe6 Qxe6 28. Kg2 1/2-1/2

[Event "SR 2. liga A 2007/2008"]
[Site "?"]
[Date "2007.10.07"]
[Round "2"]
[White "Hrivnak, Martin"]
[Black "Schwarz, Dusan"]
[Result "0-1"]
[WhiteElo "2190"]
[BlackElo "2284"]
[PlyCount "64"]
[EventDate "2007.??.??"]

1. c4 e5 2. Nc3 Nf6 3. g3 Bb4 4. Bg2 O-O 5. a3 Bxc3 6. dxc3 d6 7. Nf3 Nc6 8.
O-O Be6 9. b3 h6 10. Qc2 Nh7 11. Rd1 Qc8 12. c5 dxc5 13. Be3 c4 14. b4 f6 15.
Nh4 Ne7 16. Bc5 Re8 17. f4 exf4 18. gxf4 Nf8 19. Kh1 Nf5 20. Bf2 Nxh4 21. Bxh4
Bg4 22. Bd5+ Kh8 23. Bxc4 b5 24. Bd5 Rxe2 25. Qd3 c6 26. Bf3 Bxf3+ 27. Qxf3 Qe6
28. Re1 Re8 29. Rxe2 Qxe2 30. Qxc6 Re4 31. Qd6 Qf3+ 32. Kg1 Re2 0-1

[Event "SR 2. liga A 2007/2008"]
[Site "?"]
[Date "2007.10.07"]
[Round "2"]
[White "Labar, Eduard"]
[Black "Orolin, Peter"]
[Result "1-0"]
[WhiteElo "2041"]
[BlackElo "1963"]
[PlyCount "153"]
[EventDate "2007.??.??"]

1. d4 Nf6 2. Nf3 d5 3. c3 Bf5 4. h3 e6 5. Qb3 Qc8 6. Bf4 Nbd7 7. Nbd2 Be7 8. e3
O-O 9. Be2 Ne4 10. Nxe4 Bxe4 11. O-O Nf6 12. Ne5 Ne8 13. c4 f6 14. Nd3 Bxd3 15.
Bxd3 c6 16. cxd5 exd5 17. e4 Qd7 18. exd5 cxd5 19. Rfe1 a6 20. Rac1 Rf7 21. Qb6
Rc8 22. Rxc8 Qxc8 23. Re6 Qd7 24. Re1 Bd8 25. Qb3 Re7 26. Rxe7 Bxe7 27. Be4 Nc7
28. Bxc7 Qxc7 29. Qxd5+ Kf8 30. g3 g6 31. Qxb7 Qd6 32. Qd5 Qb4 33. b3 a5 34.
Kg2 Kg7 35. a4 Bd6 36. Qb7+ Qxb7 37. Bxb7 Kf7 38. Bd5+ Ke7 39. g4 h6 40. Kf3
Bb4 41. h4 Bd6 42. Ke4 Bc7 43. h5 gxh5 44. gxh5 Bd6 45. f3 Bb4 46. Kf5 Bc3 47.
Ke4 Bb4 48. Bg8 Bd2 49. Kd5 Bb4 50. Bh7 Bc3 51. Bf5 Bb4 52. Kc6 Bd6 53. Bd3 Bb4
54. Bc4 Bd6 55. Kd5 Bb4 56. Ke4 Bd2 57. Kf5 Be3 58. b4 axb4 59. d5 Bb6 60. Kg6
Be3 61. a5 Bf4 62. a6 Be3 63. a7 Bxa7 64. Kxh6 Bd4 65. Kg6 Bc3 66. f4 f5 67. h6
Bd2 68. Kxf5 Bc1 69. Bb3 Bb2 70. h7 Bc3 71. Kg6 Bd4 72. f5 Bh8 73. Bc4 Kf8 74.
f6 Ke8 75. Bb5+ Kf8 76. Bc4 Ke8 77. d6 1-0

[Event "SR 2. liga A 2007/2008"]
[Site "?"]
[Date "2007.10.07"]
[Round "2"]
[White "Macka, Oto"]
[Black "Kleman, Miroslav"]
[Result "0-1"]
[WhiteElo "2044"]
[BlackElo "2097"]
[PlyCount "94"]
[EventDate "2007.??.??"]

1. c4 Nf6 2. Nc3 d6 3. d4 Nbd7 4. Nf3 b6 5. Bg5 Bb7 6. e3 e6 7. Bd3 Be7 8. Qe2
O-O 9. O-O Nh5 10. Bxe7 Qxe7 11. Nd2 g6 12. Rae1 c6 13. f3 e5 14. Qf2 f5 15. f4
c5 16. d5 Ndf6 17. Qh4 Nxd5 18. Qxe7 Nxe7 19. fxe5 dxe5 20. Be2 Rad8 21. Nb3
Nf6 22. Bf3 e4 23. Be2 Rd7 24. Rd1 Rfd8 25. Rxd7 Rxd7 26. Rd1 Rxd1+ 27. Bxd1
Bc6 28. Nd2 Kf7 29. Ba4 Ke6 30. Bxc6 Nxc6 31. h3 Ke5 32. g3 g5 33. Ne2 Nb4 34.
Nc3 f4 35. gxf4+ gxf4 36. exf4+ Kxf4 37. a3 e3 38. Ne2+ Kf5 39. Ng3+ Ke5 40.
Nf3+ Kf4 41. Kg2 Nc2 42. Ne2+ Ke4 43. Nc1 h6 44. Kg3 Nh5+ 45. Kg4 Nf4 46. h4 e2
47. Nxe2 Ne3+ 0-1

[Event "SR 2. liga A 2007/2008"]
[Site "?"]
[Date "2007.10.07"]
[Round "2"]
[White "Pacher, Milan"]
[Black "Lauf, Pavol"]
[Result "1/2-1/2"]
[WhiteElo "2328"]
[BlackElo "2158"]
[PlyCount "83"]
[EventDate "2007.??.??"]

1. e4 d5 2. exd5 Qxd5 3. Nc3 Qd8 4. d4 e6 5. Nf3 Nf6 6. Bd3 c5 7. dxc5 Bxc5 8.
Bg5 O-O 9. Qe2 Bb4 10. O-O-O Qa5 11. Bxf6 gxf6 12. Qe4 f5 13. Qh4 Bxc3 14. Ng5
Bxb2+ 15. Kb1 Kg7 16. Qxh7+ Kf6 17. Qh6+ Ke7 18. Kxb2 Qb4+ 19. Kc1 Qf4+ 20. Rd2
Nd7 21. Re1 Ne5 22. Kd1 Ng6 23. g3 Qd4 24. Nf3 Qg4 25. Qg5+ Qxg5 26. Nxg5 e5
27. Nf3 Kf6 28. Bc4 Be6 29. Bxe6 fxe6 30. h4 e4 31. Ng5 Rfd8 32. f3 Rxd2+ 33.
Kxd2 Rd8+ 34. Kc1 e5 35. fxe4 f4 36. gxf4 exf4 37. Nf3 Rh8 38. e5+ Ke6 39. Ng5+
Kf5 40. e6 Rxh4 41. Nf7 Kf6 42. Nd6 1/2-1/2

[Event "SR 2. liga A 2007/2008"]
[Site "?"]
[Date "2007.10.07"]
[Round "2"]
[White "Polacik, Igor"]
[Black "Stefan, Oldrich"]
[Result "1/2-1/2"]
[WhiteElo "2130"]
[BlackElo "2044"]
[PlyCount "63"]
[EventDate "2007.??.??"]

1. e4 c5 2. Nf3 Nc6 3. d4 cxd4 4. Nxd4 Nf6 5. Nc3 d6 6. Bg5 e6 7. Qd2 Be7 8.
O-O-O a6 9. f3 Bd7 10. h4 h6 11. Be3 b5 12. g4 b4 13. Nxc6 Bxc6 14. Ne2 Qa5 15.
Kb1 d5 16. Nd4 Bb5 17. e5 Nd7 18. f4 Bxf1 19. Rdxf1 Bc5 20. Nc6 Bxe3 21. Qxe3
Qb5 22. Nd4 Qb6 23. h5 Rc8 24. f5 Rc4 25. Rd1 Nc5 26. Nb3 Qc7 27. Nxc5 Qxc5 28.
Qxc5 Rxc5 29. Rd4 a5 30. Rf1 O-O 31. Rf2 Rfc8 32. b3 1/2-1/2

[Event "SR 2. liga A 2007/2008"]
[Site "?"]
[Date "2007.10.07"]
[Round "2.1"]
[White "Bezuch, Martin"]
[Black "Vass, Frantisek"]
[Result "0-1"]
[WhiteElo "2238"]
[BlackElo "2417"]
[PlyCount "84"]
[EventDate "2007.??.??"]

{B07: Pirc Defence: Miscellaneous Systems} 1. Nf3 {0} d5 2. g3 Nf6 3. Bg2 Nbd7
4. O-O g6 5. d3 Bg7 6. c4 c6 7. cxd5 Nxd5 8. e4 N5f6 9. Nc3 e5 10. d4 exd4 11.
Nxd4 O-O 12. f4 Nb6 13. Nc2 Qe7 14. e5 Nfd5 15. Nxd5 Nxd5 16. Ne3 Nxe3 17. Bxe3
Rd8 18. Qe2 f6 19. Qf2 fxe5 20. Bc5 Qf7 21. fxe5 Qxf2+ 22. Rxf2 Be6 23. a4 Bb3
24. Bf1 b6 25. Be7 Rd7 26. Bf6 Bf8 27. Bh3 Rd3 28. Bf1 Rd4 29. Rc1 Bc5 30. Kh1
Rxa4 31. Rf4 Ra2 32. Bg2 Rc8 33. Rc3 Rxb2 34. Rxb3 Rxb3 35. Bh3 Rb1+ 36. Kg2
Rg1+ 37. Kf3 Rf1+ 38. Kg4 Rxf4+ 39. Kxf4 Rc7 40. Be6+ Kf8 41. h4 Be7 42. Bh8 b5
0-1

[Event "SR 2. liga A 2007/2008"]
[Site "?"]
[Date "2007.10.07"]
[Round "2.1"]
[White "Petrik, Stanislav"]
[Black "Seitler, Andrej"]
[Result "1/2-1/2"]
[WhiteElo "2223"]
[BlackElo "2227"]
[PlyCount "89"]
[EventDate "2007.??.??"]

1. e4 c6 2. c4 d5 3. exd5 cxd5 4. cxd5 Nf6 5. Nc3 g6 6. Bb5+ Nbd7 7. Nf3 Bg7 8.
O-O O-O 9. d4 Nb6 10. Re1 a6 11. Bf1 Nbxd5 12. Qb3 b5 13. a4 Nxc3 14. bxc3 Be6
15. Qb2 Rb8 16. axb5 axb5 17. Ra7 Nd5 18. Ng5 Bd7 19. Qb3 Bc6 20. Nf3 Qb6 21.
Ra1 Rfc8 22. Ne5 e6 23. Bd2 Be8 24. Rab1 Qc7 25. Rbc1 Bf8 26. g3 Qd6 27. Bg2
Bg7 28. Ra1 Bxe5 29. dxe5 Qc5 30. Rec1 Nb6 31. Be3 Qc4 32. Qa3 Na4 33. Qe7 Qc7
34. Qf6 Qd8 35. Qxd8 Rxd8 36. c4 b4 37. c5 Nc3 38. Bf3 Rdc8 39. Ra7 Bc6 40.
Bxc6 Rxc6 41. Re1 b3 42. Ra3 Ne4 43. Rb1 Nxc5 44. f4 Kg7 45. Bxc5 1/2-1/2

[Event "SR 2. liga A 2007/2008"]
[Site "?"]
[Date "2007.10.07"]
[Round "2.1"]
[White "Tepper, Frantisek"]
[Black "Janos, Martin"]
[Result "0-1"]
[WhiteElo "2164"]
[BlackElo "2262"]
[PlyCount "92"]
[EventDate "2007.??.??"]

1. e4 e5 2. Nf3 Nf6 3. Nxe5 d6 4. Nf3 Nxe4 5. Qe2 Qe7 6. d3 Nf6 7. Bg5 Be6 8.
Nc3 h6 9. Bxf6 Qxf6 10. d4 Be7 11. Qe4 c6 12. d5 Bf5 13. Qb4 O-O 14. O-O-O Nd7
15. Bd3 Nc5 16. Bxf5 Qxf5 17. Rhe1 a5 18. Qd4 Rfe8 19. Qd2 Bf8 20. Nd4 Qd7 21.
g3 Rec8 22. Re2 Re8 23. Rde1 Rxe2 24. Rxe2 Re8 25. Rxe8 Qxe8 26. Qe2 Qc8 27.
dxc6 bxc6 28. Nb3 Nxb3+ 29. axb3 Qf5 30. f4 d5 31. Qe8 Qe6 32. Qxe6 fxe6 33.
Kd2 g5 34. Ne2 Bg7 35. c3 $138 Kf7 36. Ke3 c5 37. fxg5 hxg5 38. g4 Be5 39. h3
Ke7 40. Kf3 Kd6 41. Nc1 Bf6 42. Ke3 e5 43. Ne2 e4 44. Ng3 Ke5 45. Nf5 Bd8 46.
c4 d4+ 0-1

[Event "SR 2. liga A 2007/2008"]
[Site "?"]
[Date "2007.10.07"]
[Round "2.1"]
[White "Tibensky, Robert"]
[Black "Cvicela, Anton"]
[Result "1-0"]
[WhiteElo "2433"]
[BlackElo "2251"]
[PlyCount "69"]
[EventDate "2007.??.??"]

1. d4 d5 2. c4 c6 3. Nf3 Nf6 4. e3 e6 5. Nc3 Nbd7 6. Be2 dxc4 7. a4 Bb4 8. Bxc4
O-O 9. O-O c5 10. Qe2 cxd4 11. exd4 Nb6 12. Bb3 Nbd5 13. Bd2 Qb6 14. Bc4 Bd7
15. a5 Nxc3 16. bxc3 Bxa5 17. Ne5 Qd8 18. Bg5 Bc7 19. Rad1 Bc6 20. Rd3 Be4 21.
Rg3 Bg6 22. Qf3 Qc8 23. Nxg6 hxg6 24. Rh3 Nh7 25. Bd2 a6 26. Ba2 b5 27. Re1 Ra7
28. d5 exd5 29. Be3 d4 30. cxd4 Ba5 31. Rf1 Qc2 32. Bb1 Qb2 33. d5 Rd7 34. Rxh7
Kxh7 35. Qh3+ 1-0

[Event "SR 2. liga A 2007/2008"]
[Site "?"]
[Date "2007.10.07"]
[Round "2.1"]
[White "Varga, David"]
[Black "Likavsky, Tomas"]
[Result "0-1"]
[WhiteElo "2257"]
[BlackElo "2494"]
[PlyCount "64"]
[EventDate "2007.??.??"]

1. e4 c5 2. Nf3 d6 3. d4 cxd4 4. Nxd4 Nf6 5. Nc3 Nc6 6. Bc4 e6 7. Bb3 a6 8. Bg5
h6 9. Be3 Na5 10. f4 b5 11. e5 dxe5 12. fxe5 Nxb3 13. exf6 Nxa1 14. Qf3 Nxc2+
15. Nxc2 Bd7 16. O-O g6 17. Rd1 Rc8 18. Nd4 Qc7 19. Bf4 Qa7 20. Kh1 Bc5 21. Be5
Qa8 22. Qf4 g5 23. Qg4 Bxd4 24. Qxd4 Bc6 25. Qd6 Qb7 26. Rd2 b4 27. Nd1 Bxg2+
28. Kg1 Bd5 29. Ne3 Rd8 30. Qc5 Rc8 31. Qd6 Rc6 32. Nf5 Qb6+ 0-1

[Event "SR 2. liga A 2007/2008"]
[Site "?"]
[Date "2007.10.07"]
[Round "2.2"]
[White "Balogh, Tomas"]
[Black "Szollos, Ondrej"]
[Result "1-0"]
[WhiteElo "2362"]
[BlackElo "2111"]
[PlyCount "129"]
[EventDate "2007.??.??"]

{B07: Pirc Defence: Miscellaneous Systems} 1. d4 d6 2. Nf3 c6 3. c3 Qc7 4. Bf4
Bg4 5. e3 Nd7 6. h3 Bh5 7. Be2 Bxf3 8. Bxf3 Ngf6 9. Nd2 e5 10. Bh2 Be7 11. O-O
O-O 12. Qb3 Rab8 13. a4 Rfe8 14. g4 h6 15. Bg2 d5 16. c4 Bd6 17. c5 Bf8 18. f4
exd4 19. exd4 Qa5 20. Qc3 Qxc3 21. bxc3 b6 22. f5 Rbc8 23. cxb6 axb6 24. Rfe1
Rxe1+ 25. Rxe1 Ra8 26. Ra1 c5 27. Be5 cxd4 28. Bxd4 Bc5 29. Kf2 Re8 30. a5
Bxd4+ 31. cxd4 bxa5 32. Rxa5 Rd8 33. Ke3 Kf8 34. Bxd5 Re8+ 35. Kf4 Nxd5+ 36.
Rxd5 Nf6 37. Ra5 Re2 38. Nf3 Re4+ 39. Kg3 Re3 40. Kf2 Rb3 41. Ra8+ Ke7 42. Ra7+
Ke8 43. Kg2 Rb2+ 44. Kg3 Rb3 45. h4 Ne4+ 46. Kf4 Nf2 47. Ra2 Nd3+ 48. Ke4 Nb2
49. Ra8+ Ke7 50. Ra7+ Ke8 51. Ne5 Nd1 52. Nxf7 Nf2+ 53. Kd5 Nxg4 54. Ke6 Rb8
55. d5 Nf6 56. d6 Kf8 57. d7 Nxd7 58. Rxd7 Re8+ 59. Kd6 Kg8 60. Ne5 Rf8 61. Ng6
Ra8 62. Ke7 Kh7 63. Kf7 Ra6 64. Nf8+ Kh8 65. Ne6 1-0

[Event "SR 2. liga A 2007/2008"]
[Site "?"]
[Date "2007.10.07"]
[Round "2.2"]
[White "Machalova, Veronika"]
[Black "Fabry, Robert"]
[Result "0-1"]
[WhiteElo "2192"]
[BlackElo "2209"]
[PlyCount "120"]
[EventDate "2007.??.??"]

1. e4 e5 2. Nf3 Nc6 3. Bb5 Nd4 4. Ba4 Nxf3+ 5. Qxf3 Qf6 6. Qxf6 Nxf6 7. Nc3 c6
8. Bb3 Be7 9. d3 d6 10. O-O Be6 11. f4 Bxb3 12. axb3 O-O 13. h3 Nd7 14. Be3 a6
15. Rae1 Rad8 16. d4 exd4 17. Bxd4 Bf6 18. Rd1 Rfe8 19. Rf3 c5 20. Bf2 Bxc3 21.
bxc3 Nf6 22. e5 dxe5 23. Rxd8 Rxd8 24. Bxc5 e4 25. Re3 Re8 26. c4 Nh5 27. g3 f5
28. Bd4 Kf7 29. Be5 g5 30. Bd6 $138 gxf4 $138 31. gxf4 Rd8 32. c5 Nf6 33. Re2
b6 34. b4 Ne8 35. Be5 bxc5 36. bxc5 Rd5 37. c6 Rc5 38. c3 Rxc6 39. Rb2 Nd6 40.
Rg2 Ke6 41. Rg7 Nf7 42. Bd4 a5 43. Rxh7 a4 44. Rg7 a3 45. Rg6+ Kd5 46. Rxc6
Kxc6 47. c4 Nd6 48. h4 Nxc4 49. h5 Kd5 50. Ba1 Nd6 51. Kf2 Nf7 52. Ke3 Kc4 53.
Kd2 Kb3 54. Bd4 Nh6 55. Bg7 a2 56. Ba1 Kc4 57. Bh8 Kd5 58. Bc3 Ng4 59. Bh8 Ke6
60. Kc2 Nf6 0-1